000 00615nam a2200241Ia 4500
003 OSt
005 20220918173938.0
006 a|||||r|||| 00| 0
007 ta
008 220917b |||||||| |||| 00| 0 eng d
024 _a9,385
037 _cTextual
040 _aARTS
_cARTS
_beng
041 _2eng
_aeng
082 _a241, G0
100 _aDrury Francis K W.
_948518
245 0 _aBook selection
260 _c1930
490 _aLibrary curriculum studies ed by W W Charters; 5
650 _aLIBRARY SCIENCE
942 _h241, G0
_cTEXL
_2CC
999 _c151034
_d151034